00543nam a22001817a 45000010005000000030008000050050017000130080041000300350019000710400026000900410008001160820015001241000018001392450096001572600047002533000023003006500038003238025BD-RjUL20211208234519.0140116s1968 pk ||| |||| 000 0 eng d a(BD-RjUL) 8070 aBD-RjULbengcBD-RjUL aeng00a347.2bCHC1 aChoudhury,A.M aThe Court-Fest Act (VII of 1890) :bthe Suits Valuation Act (VII of 1887) /cChoudhury,A.M aLahore :bPunjab Educational Press ;c1968 axxiv, 224p ;c25cm0 aThe Court-Fest Act (VII of 1890)